Paper Mario: The Origami King Bosses - Statistics

General Stats
  • This quiz has been taken 60 times
  • The average score is 12 of 15
Answer Stats
Location Answer % Correct
Vellumental Temple Earth Vellumental
98%
Vellumental Temple Fire Vellumental
96%
Vellumental Temple Water Vellumental
96%
Vellumental Temple Ice Vellumental
92%
Bowser's Castle Scissors
92%
Temple of Shrooms Hole Punch
90%
Shogun Studios Rubber Band
88%
Overlook Tower Colored Pencils
83%
Origami Castle Stapler
83%
Origami Castle King Olly
81%
Sea Tower Tape
79%
Bowser's Castle Handaconda
58%
Scorching Sandpaper Desert Paper Macho Pokey
54%
The Princess Peach Paper Macho Gooper Blooper
42%
Shangri-Spa Sumo Bros
42%
No matching quizzes found
Score Distribution
Percent of People with Each Score
Percentile by Number Answered
Your Score History
You have not taken this quiz